|
|
|
|
| LEADER |
00000nam0a2200000 4500 |
| 001 |
263503 |
| 005 |
20231101233738.0 |
| 035 |
|
|
|a (RuTPU)RU\TPU\book\286488
|
| 090 |
|
|
|a 263503
|
| 100 |
|
|
|a 20140609d1987 k y0rusy50 ca
|
| 101 |
0 |
|
|a rus
|
| 102 |
|
|
|a KZ
|
| 105 |
|
|
|a a z 001zy
|
| 200 |
1 |
|
|a Физико-химические исследования мономерных и полимерных фосфатов
|f Академия наук Казахской ССР (АН КазССР), Институт химических наук ; под ред. Д. З. Саразетдинова
|
| 210 |
|
|
|a Алма-Ата
|c Наука
|d 1987
|
| 215 |
|
|
|a 182 с.
|c ил.
|
| 225 |
1 |
|
|a Труды
|v Т. 68
|
| 320 |
|
|
|a Библиогр.: с. 178-179.
|
| 606 |
1 |
|
|a Фосфаты
|x Химия
|2 stltpush
|3 (RuTPU)RU\TPU\subj\74967
|9 86876
|
| 610 |
1 |
|
|a физико-химические исследования
|
| 610 |
1 |
|
|a синтез
|
| 610 |
1 |
|
|a исследования
|
| 610 |
1 |
|
|a полифосфаты
|
| 610 |
1 |
|
|a применение
|
| 675 |
|
|
|a 546.18
|v 3
|
| 702 |
|
1 |
|a Саразетдинов
|b Д. З.
|4 340
|
| 712 |
0 |
2 |
|a Академия наук Казахской ССР (АН КазССР)
|b Институт химических наук
|2 stltpush
|3 (RuTPU)RU\TPU\col\11297
|
| 801 |
|
1 |
|a RU
|b 63413507
|c 20140609
|
| 801 |
|
2 |
|a RU
|b 63413507
|c 20161208
|g RCR
|
| 942 |
|
|
|c BK
|